Statistics for Loud House Character Names

Click here to take the quiz!

General Stats

  • This quiz has been taken 280 times
  • The average score is 16 of 22

Answer Stats

HintAnswer% Correct
Oldest SisterLori
96%
Dark SisterLucy
96%
Main charaterLincoln
94%
Dumb SisterLeni
91%
Funny SisterLuan
91%
Musical SisterLuna
91%
DadLynn
91%
Sporty SisterLynn
91%
Youngest SisterLily
89%
Pretty SisterLola
89%
Main Characters Best FreindClyde
88%
Smartest SisterLisa
88%
Wild SisterLana
87%
Oldests BoyfreindBobby
85%
MomRita
74%
Main Characters GirlfreindRonnie Anne
68%
DogCharles
55%
CatCliff
51%
GuinepigGeo
42%
Dark Sisters BoyfreindRusty
35%
BirdWalt
32%
Main Characters FreindRocky
20%

Score Distribution

Percentile by Number Answered

Percent of People with Each Score

Your Score History

You have not taken this quiz